000 01026cam a2200301 i 4500
001 22543
003 BD-RjUL
005 20211209000823.0
008 140308r19721959nyua 000 1 eng
020 _a0399504885
035 _a(BD-RjUL)22608
040 _aDLC
_cDLC
_dBD-RjUL
_beng
041 1 _aengjpn
082 0 0 _a895.635
_bMIT 1972
100 1 _aMishima, Yukio,
_d1925-1970.
_969464
245 1 4 _aThe temple of the golden pavilion /
_cby Yukio Mishima ; translated by Ivan Morris ; introd. by Nancy Wilson Ross ; drawings by Fumi Komatsu.
260 _aNew York :
_bKnopf,
_cc1959 [Printing 1972].
300 _axix, 262 p. :
_bill. ;
_c20 cm.
500 _aTranslation of Kinkakuji.
650 0 _aYoung men
_vFiction.
_969595
650 0 _aPsychological fiction, Japanese
_zJapan
_zKyoto.
_969596
650 0 _aBuddhist temples
_vFiction.
_969597
650 0 _aArson
_vFiction.
_969598
655 7 _aPsychological fiction.
_2lcsh
_969607
942 _2ddc
_cBK
999 _c22543
_d22543